000
00232 a2200097 4500
001
33949
100
_a
Tahir Ul Qadri, Prof Dr.
245
_a
Tizkaar e Risalat Vol I [Urdu]
260
_a
_b
Minhaj ul Quran
_c
090
_c
22514
_d
22514
942
_a
NUST-CAE
_c
M
_c
13908
999
_c
269022
_d
269022